00909nam a2200205 a 450000100100000000500170001000800410002702000150006804000250008304100130010804100130012108200160013411100870015024500590023726000570029630000350035350001590038871100680054771100880061500002515320200930023606.0110210s1997 sp ab r 000 0 spa d a9284402123 aDO-SdBNPbspacBNPHU17aspa2eng17aspa2fre axxxxbS471o1 aSeminario sobre la fiscalidad del turismod(1997 enero. 27-28 :cMadrid, España)10aSeminario sobre fiscalía del turismo :bponencias /. aMadrid :bOrganización Mundial del Turismo,c1997. av. p. :bil., mapas. ;c29 cm. aEn la portada: Una publicación de los miembros afiliados de la OMT. A wto affiliate members publication. Une publication des membres affilies de l´OMT.2 aSeminar on tourism taxationd(1997 jan. 27-28 :cMadrid, Spain)2 aSéminaire sur la fiscalité du tourismed(1997 janvier 27-28 :cMadrid, Espagne)